003100000a220007300045001000025000002450137000253000058001627730016002201 aLivingston, Felix R.10aThe entrepreneur as defender of liberty : Pursuit of private interests in a competitive environment can further the cause of freedom aVol. 46, Num. 9 (Septiembre, 1996), Páginas 627-6300 tThe Freeman